[Event "Continental Class Ch"]
[Site "Arlington USA"]
[Date "2010.10.07"]
[Round "1"]
[White "Lenderman,A"]
[Black "Yanayt,E"]
[Result "1-0"]
[WhiteElo "2559"]
[BlackElo "2153"]

1.d4 Nf6 2.c4 g6 3.Nc3 Bg7 4.e4 d6 5.Nf3 O-O 6.Be2 e5 7.O-O Nc6 8.d5 Ne7
9.Ne1 Nd7 10.Be3 f5 11.f3 f4 12.Bf2 g5 13.Rc1 Ng6 14.Nb5 Nf6 15.c5 Rf7 16.cxd6 cxd6
17.Qc2 Ne8 18.Nxa7 Bd7 19.Bb5 g4 20.Bxd7 Qxd7 21.Nc8 g3 22.Nb6 gxf2+ 23.Rxf2 Qd8
24.Nxa8 Qxa8 25.Qc8 Qa4 26.Rc4 Qd7 27.Rfc2 Kf8 28.Rb4 Bf6 29.Nd3 Bd8 30.Kf1 Qe7
31.Qe6 Qg5 32.Ra4 h5 33.Ra8 Nh4 34.Ne1 Re7 35.Qc8 Bb6 36.Rc3 Be3 37.Rc7 Bd2
38.Rxe7 Qxe7 39.Nc2 Be3 40.Na3 Bc5 41.Nb5 Nxg2 42.Kxg2  1-0

[Event "Tatry Open"]
[Site "Tatranske Zruby CZE"]
[Date "2010.10.08"]
[Round "8"]
[White "Krak,T"]
[Black "Dobes,O"]
[Result "1-0"]
[WhiteElo "2245"]
[BlackElo "2008"]

1.Nf3 Nf6 2.c4 g6 3.Nc3 Bg7 4.e4 d6 5.d4 O-O 6.Be2 Nc6 7.O-O e5 8.d5 Ne7
9.b4 a5 10.Ba3 axb4 11.Bxb4 Nh5 12.c5 Nf4 13.Bc4 Bg4 14.Nb5 Nc8 15.Qb3 f5
16.Nd2 Rf7 17.f3 Bh5 18.g3 Nh3+ 19.Kg2 fxe4 20.fxe4 Bg4 21.Rxf7 Kxf7 22.cxd6 cxd6
23.Nxd6+ Nxd6 24.Bxd6 Kg8 25.Be7  1-0

[Event "4NCL Team Rapid"]
[Site "Newport Pagnell ENG"]
[Date "2010.10.09"]
[Round "1"]
[White "Snape,I"]
[Black "Hebden,M"]
[Result "0-1"]
[WhiteElo "2225"]
[BlackElo "2556"]

1.c4 g6 2.Nc3 Bg7 3.Nf3 Nf6 4.e4 O-O 5.d4 d6 6.Be2 e5 7.O-O Nc6 8.d5 Ne7
9.Ne1 Nd7 10.Be3 f5 11.f3 f4 12.Bf2 g5 13.a4 Rf6 14.Nd3 Rh6 15.Be1 Kh8 16.a5 a6
17.b4 Qe8 18.Nf2 Ng8 19.Rc1 Bf8 20.Na4 Ndf6 21.c5 Bd7 22.Nb2 Rg6 23.h3 h5
24.cxd6 Bxd6 25.Nc4 Nh6 26.Nxd6 cxd6 27.Rc7 Rb8 28.Qc1 g4 29.hxg4 hxg4 30.fxg4 Nfxg4
31.Nxg4 Bxg4 32.Bxg4 Rxg4 33.g3 Qh5 34.Rc8+ Rxc8 35.Qxc8+ Rg8 36.Qc3 Rg7
37.Qf3 Qg6 38.Kg2 Ng4 39.Rh1+ Kg8 40.gxf4 Nh2+ 41.Qg3 Qxe4+ 42.Kxh2 Rxg3
43.Bxg3 exf4 44.Bh4 Qe2+ 45.Kh3 Qf3+ 46.Kh2 Kf7 47.Re1 Qxd5 48.Re7+ Kg6 49.Re2 Qh5
50.Rg2+ Kf5  0-1

[Event "Continental Class Ch"]
[Site "Arlington USA"]
[Date "2010.10.10"]
[Round "7"]
[White "Kaufman,La"]
[Black "Yanayt,E"]
[Result "0-1"]
[WhiteElo "2413"]
[BlackElo "2153"]

1.d4 Nf6 2.c4 g6 3.Nc3 Bg7 4.e4 d6 5.Nf3 O-O 6.Be2 e5 7.O-O Nc6 8.d5 Ne7
9.Ne1 Nd7 10.Nd3 f5 11.Bd2 Nf6 12.f3 f4 13.c5 g5 14.Rc1 Ng6 15.Nb5 Rf7 16.Ba5 b6
17.cxd6 cxd6 18.Be1 a6 19.Nc3 h5 20.Nb4 g4 21.Nc6 Qe8 22.Na4 Rb7 23.Bf2 g3
24.Bxb6 Nh4 25.hxg3 fxg3 26.Qd2 Bh3 27.Qg5 Nxg2 28.Qxg3 Nf4 29.Rf2 Kh7 30.Kh1 Bh6
31.Rg1 Rg7 32.Qh2 Rxg1+ 33.Qxg1 Qd7 34.Qd1 Rg8 35.Bf1 Qg7 36.Bxh3 Nxh3 37.Rc2 Qg3
38.Ne7 Qh4 39.Nxg8 Nf2+ 40.Kg2 Nxd1 41.Nxf6+ Qxf6 42.Rc7+ Kg6 43.Rc6 Ne3+
44.Kf2 Qh4+ 45.Ke2 Qh2+ 46.Kd3 Nd1 47.Rxd6+ Kg7 48.Rd7+ Kg8 49.Rd8+ Kf7 50.Rd7+ Ke8
51.Rd8+ Ke7 52.d6+ Kf7 53.d7 Qd2+ 54.Kc4 Bg5 55.Rh8 Qc2+ 56.Kb4 Bd2+ 57.Ka3 Qd3+
58.Nc3 Bxc3 59.Rf8+ Kxf8 60.d8=Q+ Qxd8 61.Bxd8 Nxb2 62.Kb3 Bd4 63.Bg5 Nd3
64.Kc4 Ne1 65.f4 Be3 66.Kd5 Bxf4 67.Bd8 Nf3 68.Kc6 Ng5 69.Kb7 h4 70.Bb6 h3
71.Bg1 Nf3  0-1

[Event "Karen Asrian Memorial"]
[Site "Jermuk ARM"]
[Date "2010.10.11"]
[Round "7"]
[White "Kotanjian,T"]
[Black "Petrosian,DG"]
[Result "1-0"]
[WhiteElo "2522"]
[BlackElo "2487"]

1.d4 Nf6 2.c4 g6 3.Nc3 Bg7 4.e4 d6 5.Nf3 O-O 6.Be2 e5 7.O-O Nc6 8.d5 Ne7
9.b4 a5 10.Ba3 axb4 11.Bxb4 b6 12.a4 Re8 13.Qd3 Nf5 14.a5 bxa5 15.Rxa5 Rb8
16.Nb5 Nd4 17.Nfxd4 exd4 18.f3 Nh5 19.Bd2 Qh4 20.f4 f5 21.Nxd4 Rb2 22.Bxh5 Qxh5
23.Bc3 Rb7 24.Ra8 fxe4 25.Qe3 Qh4 26.f5 Be5 27.g3 Qf6 28.fxg6 Qxf1+ 29.Kxf1 Bh3+
30.Ke2 Bg4+ 31.Kd2 Rxa8 32.gxh7+ Kh8 33.Qg5 c5 34.Nb5 Bxc3+ 35.Nxc3 Rg7 36.Qf6 Bf3
37.g4 e3+ 38.Kxe3 Bxg4 39.Ne4 Ra3+ 40.Kd2 Ra2+ 41.Kc3 Ra3+ 42.Kb2 Rf3 43.Qd8+ Kxh7
44.Qh4+ Kg8 45.Nf6+ Kf8 46.Qh8+ Kf7 47.Nxg4 Rf4 48.Qh5+ Kf8 49.Ne3 Rgf7 50.Qh6+  1-0

[Event "TCh-CHN"]
[Site "Guangzhou CHN"]
[Date "2010.10.13"]
[Round "13"]
[White "Lou Yiping"]
[Black "Wan Yunguo"]
[Result "1-0"]
[WhiteElo "2429"]
[BlackElo "2424"]

1.d4 Nf6 2.c4 g6 3.Nc3 Bg7 4.e4 d6 5.Nf3 O-O 6.Be2 e5 7.O-O Nc6 8.d5 Ne7
9.Ne1 Nd7 10.f3 f5 11.Be3 f4 12.Bf2 g5 13.Rc1 a6 14.Nd3 Ng6 15.c5 Nf6 16.cxd6 cxd6
17.Na4 g4 18.Nb6 Rb8 19.Nxc8 Rxc8 20.Qb3 g3 21.Bb6 gxh2+ 22.Kxh2 Qe7 23.Nf2 Nh5
24.Rfd1 Ng3 25.Bd3 Nh4 26.Nh3 Qf7 27.Bf2 Bf6 28.Qb4 Qd7 29.Rc3 Rxc3 30.Qxc3 Rc8
31.Qd2 Kh8 32.Rc1 Rg8 33.Be1 Bd8 34.Rc2 Qf7 35.Qb4 Qg6 36.Qxb7 Qh5 37.Qxa6 Nxf3+
38.gxf3 Qxf3 39.Rg2 Bb6 40.Qxb6 Qxd3 41.Nxf4 Nf1+ 42.Kg1 Qxe4 43.Rxg8+ Kxg8
44.Qd8+ Kf7 45.Qd7+ Kg8 46.Qe8+ Kg7 47.Ne6+ Kh6 48.Qf8+ Kh5 49.Qf7+ Kg4 50.Qg7+  1-0

[Event "I Memorial Oliver Gonzalez"]
[Site "Madrid ESP"]
[Date "2010.10.13"]
[Round "5"]
[White "Rubio Mejia,L"]
[Black "Vazquez Igarza,R"]
[Result "1/2-1/2"]
[WhiteElo "2373"]
[BlackElo "2535"]

1.d4 Nf6 2.c4 g6 3.Nc3 Bg7 4.e4 d6 5.Nf3 O-O 6.Be2 e5 7.O-O Nc6 8.d5 Ne7
9.Nd2 c6 10.b4 a5 11.bxa5 Qxa5 12.Bb2 Ne8 13.a4 f5  1/2-1/2

[Event "32nd Open"]
[Site "Arco ITA"]
[Date "2010.10.18"]
[Round "3"]
[White "Farago,I"]
[Black "Ager,J"]
[Result "1-0"]
[WhiteElo "2420"]
[BlackElo "2194"]

1.d4 Nf6 2.c4 g6 3.Nc3 Bg7 4.e4 d6 5.Be2 O-O 6.Nf3 e5 7.O-O Nc6 8.d5 Ne7
9.b4 Nh5 10.Re1 Kh8 11.c5 f5 12.Ng5 Nf4 13.Bxf4 exf4 14.Rc1 fxe4 15.Ncxe4 h6
16.cxd6 cxd6 17.Ne6 Bxe6 18.dxe6 d5 19.Nc5 Qd6 20.Bf3 b6 21.Nb7 Qxb4 22.Bxd5 Rac8
23.Rb1 Qa3 24.Bb3 Rc7 25.Nd6 Qc5 26.Rc1 Qxc1 27.Qxc1 Rxc1 28.Rxc1 Bf6 29.Rc7 Ra8
30.Kf1 Kg7 31.Bd5 Rb8 32.Rxa7 Kf8 33.Bb3 h5 34.Ke2 Bd4 35.Rd7 Bf6 36.Ne4 Kg7
37.Kf3 g5 38.h4 g4+ 39.Kxf4 Bxh4 40.Ke5  1-0

[Event "Lichtenrader Herbst"]
[Site "Berlin GER"]
[Date "2010.10.20"]
[Round "5"]
[White "Hein,C"]
[Black "Cremer,Ja"]
[Result "1-0"]
[WhiteElo "2165"]
[BlackElo "1976"]

1.c4 Nf6 2.Nc3 g6 3.e4 d6 4.d4 Bg7 5.Nf3 O-O 6.Be2 e5 7.O-O Nc6 8.d5 Ne7
9.Ne1 Nd7 10.Nd3 f5 11.b4 Nf6 12.f3 f4 13.c5 h5 14.b5 g5 15.Nf2 Ng6 16.a4 Rf7
17.b6 cxb6 18.cxd6 a6 19.Rb1 Bf8 20.Ba3 Bxd6 21.Bxd6 Qxd6 22.Qb3 Nd7 23.Qb4 Rf6
24.Qxd6 Rxd6 25.Rb4 Nh8 26.Rfb1 Nf7 27.Nd3 b5 28.axb5 a5 29.Ra4 b6 30.Rc4 Kf8
31.Na4 Ke8 32.Kf2 h4 33.h3 Kd8 34.Rbc1 Bb7 35.Ndb2 Rb8 36.Rc6 Ba8 37.Nc4 Rh6
38.d6 Rg6 39.Ncxb6 Rxd6 40.Rc8+ Ke7 41.Nxa8  1-0

[Event "GM"]
[Site "Skanderborg DEN"]
[Date "2010.10.21"]
[Round "7"]
[White "Smith,Ax"]
[Black "Berg,K"]
[Result "1-0"]
[WhiteElo "2445"]
[BlackElo "2417"]

1.c4 g6 2.d4 Bg7 3.e4 d6 4.Nc3 Nf6 5.Be2 O-O 6.Nf3 e5 7.O-O Nc6 8.d5 Ne7
9.b4 Nh5 10.Re1 a5 11.bxa5 Rxa5 12.Nd2 Nf4 13.Bf1 c5 14.a4 Ra6 15.Ra3 Nh5
16.g3 Bh6 17.Nb5 Bd7 18.Bg2 f6 19.Rf1 Qc8 20.Kh1 Rf7 21.Nf3 Bxc1 22.Qxc1 Kg7
23.Ng1 f5 24.exf5 Bxf5 25.Nf3 h6 26.Nd2 Nf6 27.f4 exf4 28.Rxf4 Qd7 29.Rf1 Ra8
30.Qb2 Raf8 31.Raf3 Kg8 32.h3 h5 33.Kh2 Nh7 34.R3f2 Ng5 35.h4 Nh7 36.Ne4 Bxe4
37.Bxe4 Nf5 38.Bxf5 gxf5 39.Kg2 f4 40.Qe2 fxg3 41.Rxf7 Rxf7 42.Rxf7 Kxf7
43.Qxh5+ Kg7 44.Qf3 Nf6 45.Qxg3+ Kh7 46.Nxd6 Qxa4 47.Qd3+ Kg7 48.Qd2 Qa1
49.Qe3 b6 50.h5 Kh7 51.Nf5 Ng8 52.Qd3 Qb2+ 53.Kh3 Qa1 54.Ng3+ Kh8 55.d6 Qa8
56.Qf5 Qd8 57.Qe5+ Kh7 58.Nf5 Qg5 59.Qg7+ Qxg7 60.Nxg7 Nf6 61.Ne8 Nd7 62.Kg4 Kg8
63.Kf5 Kf7 64.h6 Nf8 65.Nf6 b5 66.cxb5 c4 67.b6 Ne6 68.b7 Nd4+ 69.Ke4 Nc6
70.h7  1-0

[Event "Lichtenrader Herbst"]
[Site "Berlin GER"]
[Date "2010.10.23"]
[Round "8"]
[White "Meissner,HJ"]
[Black "Cremer,Ja"]
[Result "1-0"]
[WhiteElo "2233"]
[BlackElo "1976"]

1.d4 Nf6 2.c4 g6 3.Nc3 Bg7 4.e4 d6 5.Nf3 O-O 6.Be2 e5 7.O-O Nc6 8.d5 Ne7
9.Ne1 Nd7 10.Nd3 f5 11.Bd2 Nf6 12.f3 f4 13.c5 g5 14.cxd6 cxd6 15.Nf2 Ng6
16.Qc2 Rf7 17.Rfc1 Bf8 18.a4 h5 19.h3 Rg7 20.Nb5 Ne8 21.Ra3 Bd7 22.Rc3 Nh4
23.Nc7 Nxc7 24.Rxc7 g4 25.fxg4 f3 26.Bxf3 Nxf3+ 27.gxf3 Qh4 28.Kg2 Re8 29.Rxb7 Ree7
30.Rxd7 Rxd7 31.Qc8 Rgf7 32.Rc3 hxg4 33.hxg4 Qe7 34.Qa6 Rb7 35.b3 Rb6 36.Qd3 Qb7
37.Qc2 Qb8 38.Rc8 Qb7 39.b4 Qd7 40.b5 Rb7 41.Rc6 Be7 42.Bb4 Rf6 43.Nh1 Bf8
44.Bd2 Bh6 45.Ng3 Bf8 46.Nf5 Rg6 47.Be3 Rf6 48.Kg3 Rg6 49.Rc8 Rf6 50.Bg5 Rf7
51.Nh6+ Kg7 52.Nxf7 Qxf7 53.Qh2 Qg6 54.Bh6+  1-0

[Event "14th Corsica Masters"]
[Site "Bastia FRA"]
[Date "2010.10.24"]
[Round "1"]
[White "Van Wely,L"]
[Black "Gachet,S"]
[Result "1-0"]
[WhiteElo "2679"]
[BlackElo "2314"]

1.d4 Nf6 2.c4 g6 3.Nc3 Bg7 4.e4 d6 5.Nf3 O-O 6.Be2 e5 7.O-O Nc6 8.d5 Ne7
9.b4 c6 10.a4 a5 11.bxa5 c5 12.Ne1 Ne8 13.Nd3 f5 14.Rb1 Qxa5 15.Bd2 fxe4
16.Nxe4 Qxa4 17.Qc1 Nf5 18.f3 Nd4 19.Bd1 Qa3 20.Qxa3 Rxa3 21.Ndf2 Rf7 22.Rb6 Ra6
23.Rxa6 bxa6 24.Ba4 Bd7 25.Bxd7 Rxd7 26.Rb1 h6 27.Rb6 Nf5 28.Rxa6 Rb7 29.Nd3 Rb3
30.Ne1 Bf8 31.Ra8 Kf7 32.Ra7+ Be7 33.g4 Ne3 34.Ng2 Nxg2 35.Kxg2 Rb2 36.Kg1 g5
37.h4 Kf8 38.hxg5 hxg5 39.Bxg5 Bxg5 40.Nxg5 Rb4 41.Ne6+ Kg8 42.g5 Rb8 43.Kg2 Rc8
44.Kg3 Rb8 45.Kg4 Rc8 46.Kf5  1-0

[Event "WY Boys-U14"]
[Site "Porto Carras GRE"]
[Date "2010.10.24"]
[Round "5.18"]
[White "Adelberg,D"]
[Black "Kumic,F"]
[Result "1-0"]
[WhiteElo "2201"]
[BlackElo "2046"]

1.d4 Nf6 2.c4 g6 3.Nc3 Bg7 4.e4 d6 5.Be2 O-O 6.Nf3 e5 7.O-O Nc6 8.d5 Ne7
9.Ne1 Nd7 10.Be3 f5 11.f3 f4 12.Bf2 Nf6 13.c5 g5 14.Rc1 Ne8 15.Nc2 Ng6 16.Na3 Rf7
17.Nc4 Bf8 18.b4 h5 19.a4 Rg7 20.Kh1 Nh4 21.Qe1 Be7 22.cxd6 cxd6 23.Nb5 g4
24.Rg1 gxf3 25.Bxf3 Bg4 26.Qe2 a6 27.Nba3 Nxf3 28.gxf3 Bh3 29.Nb6 Rb8 30.b5 axb5
31.Nxb5 Bh4 32.Rxg7+ Kxg7 33.Nc4 Bxf2 34.Qxf2 Rc8 35.Qb2 Rc5 36.Qb4 Kh7 37.Nbxd6 Rc7
38.Nxe8 Qxe8 39.Rg1 Bd7 40.a5 Bb5 41.Nxe5 Qxe5 42.Qxb5 Qc3 43.Qf1 Qe5 44.Qg2  1-0

[Event "WY Boys-U18"]
[Site "Porto Carras GRE"]
[Date "2010.10.24"]
[Round "6.7"]
[White "Grandelius,N"]
[Black "Klein,Da"]
[Result "1-0"]
[WhiteElo "2500"]
[BlackElo "2299"]

1.Nf3 Nf6 2.c4 g6 3.Nc3 Bg7 4.d4 d6 5.e4 O-O 6.Be2 e5 7.O-O Nc6 8.d5 Ne7
9.b4 Nh5 10.Re1 f5 11.Ng5 Nf6 12.Bf3 c6 13.Bb2 h6 14.Ne6 Bxe6 15.dxe6 fxe4
16.Nxe4 Nxe4 17.Rxe4 d5 18.cxd5 cxd5 19.Rxe5 Bxe5 20.Bxe5 Qb6 21.Bb2 Qxb4
22.Rb1 Rac8 23.Bg7 Qxb1 24.Qxb1 Kxg7 25.h4 b6 26.Qb2+ Kh7 27.Qa3 Rc7 28.Qd6 Rfc8
29.Bxd5 Nxd5 30.Qxd5 h5 31.f4 Re8 32.g4 Rec8 33.f5 hxg4 34.f6 Rc1+ 35.Kf2 g3+
36.Kg2 R1c2+ 37.Kh3 R8c7 38.e7 g2 39.Qf7+ Kh8 40.Qg7+  1-0

[Event "WY Boys-U14"]
[Site "Porto Carras GRE"]
[Date "2010.10.26"]
[Round "7.12"]
[White "Usmanov,V"]
[Black "Berbatov,K"]
[Result "0-1"]
[WhiteElo "2219"]
[BlackElo "2461"]

1.d4 Nf6 2.c4 g6 3.Nc3 Bg7 4.e4 d6 5.Nf3 O-O 6.Be2 e5 7.O-O Nc6 8.d5 Ne7
9.Ne1 Nd7 10.Be3 f5 11.f3 f4 12.Bf2 g5 13.Nb5 b6 14.b4 a6 15.Nc3 Rf6 16.c5 Qe8
17.cxb6 Rh6 18.b7 Bxb7 19.Nd3 Nf6 20.Be1 c6 21.dxc6 Nxc6 22.Nf2 Qf7 23.Na4 Rd8
24.Nb6 Kh8 25.Bc4 Qc7 26.Nd5 Nxd5 27.Bxd5 Qb6 28.Bc3 Rc8 29.Qb3 Rf6 30.a4 Nd4
31.Bxd4 exd4 32.Bxb7 Qxb7 33.Rac1 Rff8 34.Rfd1 Rc3 35.Qb1 Rfc8 36.Nd3 R8c4
37.Qa2 Qc8 38.Rb1 Rc2 39.Rb2 Rxb2 40.Qxb2 Rc2 41.Rc1 Rc3 42.b5 axb5 43.axb5 Qc4
44.Qb1 Be5 45.b6 Qxd3 46.Qxd3 Rxd3 47.b7 d5 48.Rc8+ Kg7 49.Re8 dxe4 50.fxe4 Bd6
51.Rd8 Be5 52.Re8 Rb3 53.Rxe5 Kf6 54.Rf5+ Kg6 55.h4 h6 56.hxg5 hxg5 57.Rd5 Rxb7
58.Rxd4 g4 59.Rd8 g3 60.Kf1 Rb2 61.Rd4 Kg5 62.Ra4 Rb1+ 63.Ke2 Rg1 64.Ra8 Rxg2+
65.Kd3 f3 66.Rg8+ Kh6 67.Ke3 f2  0-1

[Event "20th World Seniors"]
[Site "Arco ITA"]
[Date "2010.10.27"]
[Round "2"]
[White "Stull,N"]
[Black "Roth,Pe"]
[Result "0-1"]
[WhiteElo "2110"]
[BlackElo "2260"]

1.d4 Nf6 2.Nf3 g6 3.c4 Bg7 4.Nc3 O-O 5.e4 d6 6.Be2 e5 7.O-O Nc6 8.d5 Ne7
9.Ne1 Nd7 10.Be3 f5 11.f3 f4 12.Bf2 g5 13.a4 Rf6 14.Nd3 Rg6 15.c5 Nf6 16.cxd6 cxd6
17.Qb3 g4 18.Nxe5 dxe5 19.d6+ Kh8 20.dxe7 Qxe7 21.Qa3 Qf7 22.Rfd1 Be6 23.Nb5 g3
24.hxg3 fxg3 25.Be3 Nh5 26.Rac1 Nf4 27.Kf1 Rh6 28.Bg1 Rh1 29.Qc5 Qh5 30.Nd6 Qh2
31.Ke1 Rxg1+  0-1

[Event "Uxbridge Premier"]
[Site "Denham ENG"]
[Date "2010.10.27"]
[Round "6"]
[White "Summerscale,A"]
[Black "Rudd,J"]
[Result "1-0"]
[WhiteElo "2419"]
[BlackElo "2251"]

1.d4 Nf6 2.c4 g6 3.Nc3 Bg7 4.e4 d6 5.Nf3 O-O 6.Be2 e5 7.O-O Nc6 8.d5 Ne7
9.Ne1 Nd7 10.Be3 f5 11.f3 f4 12.Bf2 g5 13.a4 Rf6 14.Nb5 a6 15.Na7 Rxa7 16.Bxa7 b6
17.a5 Rh6 18.Nd3 Bb7 19.axb6 cxb6 20.Nf2 Nc8 21.c5 dxc5 22.Bxa6 Bxa6 23.Rxa6 b5
24.d6  1-0

[Event "20th World Seniors"]
[Site "Arco ITA"]
[Date "2010.10.28"]
[Round "3"]
[White "Muratoglu,S"]
[Black "Harestad,T"]
[Result "0-1"]
[WhiteElo "2090"]
[BlackElo "2219"]

1.d4 Nf6 2.c4 g6 3.Nc3 Bg7 4.e4 d6 5.Nf3 O-O 6.Be2 e5 7.O-O Nc6 8.dxe5 dxe5
9.Qxd8 Rxd8 10.Bg5 Re8 11.Nd5 Nxd5 12.cxd5 Nd4 13.Nxd4 exd4 14.Bd3 c6 15.Rac1 Bd7
16.f3 Rac8 17.b4 a6 18.Rfd1 cxd5 19.exd5 Rc3 20.Rxc3 dxc3 21.Bc2 Re2 22.Bb3 c2
23.Rf1 Bd4+ 24.Kh1 b5 25.g4 Kg7 26.Rc1 h5 27.h3 hxg4 28.hxg4 Rf2 29.Rxc2 Rxf3
30.Rc7 Bxg4 31.d6 Be5 32.Be7 Bh3 33.Rc1 Bg4 34.Bd5 Rd3 35.d7 Bxd7 36.Bb7 Bd6
37.Re1 Bxe7 38.Rxe7 Be6 39.Bxa6 Bxa2 40.Re5 Bd5+ 41.Kg1 Kf6 42.Re8 Rb3 43.Bxb5 Rxb4
44.Bd3 Rb2 45.Be2 Kf5 46.Bd3+ Kf4 47.Rd8 Bf3 48.Rd6 Kg5 49.Bc4 f6 50.Rd3 Be4
51.Rd6 f5 52.Bf7 f4 53.Rd4 Bf5 54.Rd6 f3 55.Be6 Bxe6 56.Rxe6 Kf5 57.Ra6 g5
58.Kh1 Kf4 59.Ra1 g4 60.Rc1 Re2  0-1

[Event "Chigorin Mem Classic Open"]
[Site "St Petersburg RUS"]
[Date "2010.10.28"]
[Round "1"]
[White "Swiercz,D"]
[Black "Menkov,Aleksandr"]
[Result "1-0"]
[WhiteElo "2507"]
[BlackElo "2149"]

1.d4 Nf6 2.c4 g6 3.Nc3 Bg7 4.Nf3 O-O 5.e4 d6 6.Be2 e5 7.O-O Nc6 8.d5 Ne7
9.Ne1 Ne8 10.Nd3 f5 11.Bd2 fxe4 12.Nxe4 c6 13.Bg5 Nf6 14.Bxf6 Bxf6 15.Nxf6+ Rxf6
16.dxc6 Nxc6 17.Bf3 Be6 18.Rc1 Qf8 19.Re1 Rd8 20.Be4 Nd4 21.Qd2 Bf5 22.Qe3 b6
23.b4 Bxe4 24.Qxe4 Ne6 25.Rcd1 Nf4 26.f3 Nxd3 27.Rxd3 Rc8 28.Red1 Rf4 29.Qb7 Rfxc4
30.Rxd6 Rc1 31.Qd5+ Kg7 32.Qxe5+ Kg8 33.Qd5+ Kh8 34.Rxc1 Rxc1+ 35.Kf2 Rc2+
36.Kg3 Rc8 37.Rd7 Re8 38.Rxa7 Re7 39.Qd6 Rf7 40.Qe5+ Kg8 41.Rxf7 Qxf7 42.Qb8+ Kg7
43.Qxb6 Qxa2 44.Qc7+ Kf8  1-0

[Event "Chigorin Mem Classic Open"]
[Site "St Petersburg RUS"]
[Date "2010.10.28"]
[Round "1"]
[White "Malakhatko,V"]
[Black "Yuffa,D"]
[Result "1-0"]
[WhiteElo "2578"]
[BlackElo "2235"]

1.d4 Nf6 2.c4 g6 3.Nc3 Bg7 4.e4 d6 5.Nf3 O-O 6.Be2 e5 7.O-O Nc6 8.d5 Ne7
9.b4 Nh5 10.Re1 a5 11.bxa5 Rxa5 12.Nd2 Nf4 13.Bf1 c5 14.a4 Ra6 15.Ra3 Nh5
16.Nb5 Nf6 17.g3 Ne8 18.f4 f5 19.fxe5 dxe5 20.Bg2 Nd6 21.Qe2 Nxe4 22.Nxe4 fxe4
23.Be3 b6 24.Bg5 Qd7 25.Bxe7 Qxe7 26.Bxe4 Bd7 27.d6 Qg5 28.h4 Qd8 29.Nc7 Rxa4
30.Rxa4 Bxa4 31.Bd5+ Kh8 32.Ne6 Qxd6 33.Nxf8 Qxf8 34.Ra1 Qe8 35.Qa2 b5 36.cxb5 e4
37.Qxa4 Bd4+ 38.Qxd4+ cxd4 39.Ra8  1-0

[Event "Chigorin Mem Classic Open"]
[Site "St Petersburg RUS"]
[Date "2010.10.28"]
[Round "1"]
[White "Kostyuchenko,V"]
[Black "Chernobay,A"]
[Result "0-1"]
[WhiteElo "2106"]
[BlackElo "2468"]

1.d4 Nf6 2.c4 g6 3.Nc3 Bg7 4.e4 d6 5.Be2 O-O 6.Nf3 e5 7.O-O Nc6 8.d5 Ne7
9.Ne1 Nd7 10.Be3 f5 11.f3 f4 12.Bf2 g5 13.b4 Rf6 14.c5 Rh6 15.cxd6 cxd6 16.Nb5 Qe8
17.h3 Qh5 18.Nxa7 Rxa7 19.Bxa7 Nf6 20.Bb5 Bxh3 21.gxh3 Qxh3 22.Kf2 Qh2+ 23.Ng2 Qg3+
24.Ke2 Nxe4 25.fxe4 Qxg2+ 26.Bf2 Qxe4+ 27.Kd2 Qxb4+ 28.Ke2 e4 29.Qb1 Qc3
30.Kd1 Qxa1 31.Qxa1 Bxa1 32.Rg1 Bf6 33.a4 Rh2  0-1

[Event "Chigorin Mem Classic Open"]
[Site "St Petersburg RUS"]
[Date "2010.10.30"]
[Round "3"]
[White "Bazeev,G"]
[Black "Gantsevich,A"]
[Result "1-0"]
[WhiteElo "2348"]
[BlackElo "2071"]

1.d4 Nf6 2.c4 g6 3.Nc3 Bg7 4.e4 d6 5.Nf3 O-O 6.Be2 e5 7.O-O Nc6 8.d5 Ne7
9.Ne1 Nd7 10.f3 f5 11.g4 a5 12.Be3 Nc5 13.Ng2 Kh8 14.h4 c6 15.Qd2 cxd5 16.cxd5 b6
17.exf5 gxf5 18.h5 f4 19.Bxc5 bxc5 20.Bd3 Ba6 21.Bxa6 Rxa6 22.Ne4 Ng8 23.Rac1 Qb6
24.Rc4 Nf6 25.Ng5 Rb8 26.Qd3 Qxb2 27.Qf5 Rf8 28.Ne6 Qb5 29.h6 Bxh6 30.Nxf8 Qxc4
31.Qxf6+ Bg7 32.Qd8 h6 33.Ne6+ Kh7 34.Qe7  1-0

[Event "Chigorin Mem Classic Open"]
[Site "St Petersburg RUS"]
[Date "2010.10.30"]
[Round "3"]
[White "Melkumyan,H"]
[Black "Komiagina,M"]
[Result "1-0"]
[WhiteElo "2614"]
[BlackElo "2263"]

1.d4 Nf6 2.c4 g6 3.Nc3 Bg7 4.e4 d6 5.Be2 O-O 6.Nf3 e5 7.O-O Nc6 8.d5 Ne7
9.Ne1 Nd7 10.Nd3 f5 11.Bd2 Nf6 12.f3 f4 13.c5 g5 14.cxd6 cxd6 15.Nf2 Ng6
16.Qc2 h5 17.h3 Rf7 18.Rfc1 g4 19.fxg4 hxg4 20.hxg4 Ne8 21.Bf3 Bf8 22.a4 Rh7
23.Be1 Nh4 24.Nb5 Nxf3+ 25.gxf3 Qh4 26.Kf1 Qg3 27.Ke2 a6 28.Na3 Rh2 29.Nc4 Nf6
30.Qd3 Nxg4 31.fxg4 Rxf2+ 32.Bxf2 Bxg4+ 33.Kd2 Qxf2+ 34.Kc3 Be2 35.Qh3 Qf3+
36.Qxf3 Bxf3 37.Kd3 Kf7 38.Nb6 Re8 39.Rc7+ Re7 40.Rac1 Bg4 41.Rxe7+ Kxe7
42.Rc7+ Kd8 43.Rh7 Be7 44.a5 Ke8 45.b4 Kf8 46.Nc4 Bd1 47.Nd2 Ke8 48.Rh8+ Kd7
49.Nc4 Kc7 50.Nb6 Bg4 51.Rg8 Bh3 52.Ke2 Bd8 53.Kf3 Bf1 54.Rg1 Bh3 55.Rh1  1-0

[Event "Chigorin Mem Classic Open"]
[Site "St Petersburg RUS"]
[Date "2010.11.01"]
[Round "5"]
[White "Bratus,P"]
[Black "Menovshchikov,Mark"]
[Result "0-1"]
[WhiteElo "2175"]
[BlackElo "2023"]

1.d4 Nf6 2.c4 g6 3.Nc3 Bg7 4.e4 d6 5.Nf3 O-O 6.Be2 e5 7.O-O Nc6 8.d5 Ne7
9.b4 Nh5 10.g3 f5 11.Ng5 Nf6 12.Bf3 fxe4 13.Ngxe4 Nxe4 14.Nxe4 Bh3 15.Bg2 Bxg2
16.Kxg2 Nf5 17.Bb2 Nd4 18.Bxd4 exd4 19.h4 h6 20.Qd3 Qe7 21.Nd2 Rae8 22.Nf3 Qe2
23.Rfd1 Qxd3 24.Rxd3 Re2 25.Rd2 d3 26.Rad1 Bc3 27.Rxd3 Bxb4 28.a3 Bc5 29.R1d2 Rxd2
30.Rxd2 Bxa3 31.Nd4 a5 32.Re2 Kf7 33.Nb5 Bb4 34.Nxc7 Rc8 35.Nb5 Rxc4 36.Re6 a4
37.Nxd6+ Bxd6 38.Rxd6 Rb4 39.Rd8 a3 40.d6 Rb3 41.g4 Ke6 42.f4 Rb2+ 43.Kf3 a2
44.f5+ gxf5 45.gxf5+ Kxf5 46.d7 Ke6 47.Ra8 Kxd7 48.Kg4 b6 49.Ra3 Kc6  0-1

[Event "Chigorin Mem Classic Open"]
[Site "St Petersburg RUS"]
[Date "2010.11.01"]
[Round "5"]
[White "Bazeev,G"]
[Black "Chernobay,A"]
[Result "1-0"]
[WhiteElo "2348"]
[BlackElo "2468"]

1.d4 Nf6 2.c4 g6 3.Nc3 Bg7 4.e4 d6 5.Nf3 O-O 6.Be2 e5 7.O-O Nc6 8.d5 Ne7
9.b4 Nh5 10.Re1 f5 11.Ng5 Nf6 12.f3 f4 13.c5 Kh8 14.Qb3 h6 15.Ne6 Bxe6 16.dxe6 Nc6
17.Nd5 Nxd5 18.exd5 Nd4 19.Qd3 dxc5 20.Qxg6 Nxe2+ 21.Rxe2 Rf6 22.Qe4 c6 23.Bb2 cxd5
24.Qxe5 Rg6 25.e7 Qe8 26.Qf5 Bxb2 27.Rxb2 Qg8 28.Qe5+ Rg7 29.bxc5 Re8 30.Rxb7 Kh7
31.Qe2 d4 32.Qe4+ Rg6 33.Rd7  1-0

[Event "Chigorin Mem Classic Open"]
[Site "St Petersburg RUS"]
[Date "2010.11.01"]
[Round "5"]
[White "Biriukov,O"]
[Black "Balaian,Ali"]
[Result "1-0"]
[WhiteElo "2345"]
[BlackElo "2157"]

1.d4 Nf6 2.c4 g6 3.Nc3 Bg7 4.e4 d6 5.Be2 O-O 6.Nf3 e5 7.O-O Nc6 8.d5 Ne7
9.Ne1 Nd7 10.Nd3 f5 11.Bd2 f4 12.Rc1 g5 13.b4 Nf6 14.h3 Ng6 15.c5 Nh4 16.Ne1 Qd7
17.Nf3 Nxg2 18.Nxg5 Qe8 19.Kxg2 Qg6 20.Rh1 Qxg5+ 21.Kf1 Qh4 22.Bf3 Bxh3+
23.Ke2 Ng4 24.Qg1 h5 25.Be1 Rf6 26.Kd3 Rg6 27.Kc2 Kh7 28.Kb1 Bh6 29.Rd1 Rag8
30.Bg2 Ne3 31.fxe3 Qg4 32.Rxh3 Qxh3 33.Bxh3 Rxg1 34.Bf5+ Kh8 35.exf4 Bg7
36.fxe5 Rh1 37.exd6 cxd6 38.c6 bxc6 39.dxc6 Rxe1 40.Rxe1 Bxc3 41.Rc1  1-0

[Event "14th OIBM"]
[Site "Bad Wiessee GER"]
[Date "2010.11.02"]
[Round "5.29"]
[White "Markl,M"]
[Black "Weber,U"]
[Result "1/2-1/2"]
[WhiteElo "2198"]
[BlackElo "2413"]

1.d4 Nf6 2.c4 g6 3.Nc3 Bg7 4.e4 d6 5.Be2 O-O 6.Nf3 e5 7.O-O Nc6 8.Be3 Re8
9.d5 Nd4 10.Nxd4 exd4 11.Bxd4 Nxe4 12.Bxg7 Kxg7 13.Qd4+ Qf6 14.Qxf6+ Kxf6
15.Nxe4+ Rxe4 16.Rfe1 Bf5 17.f3 Re7 18.Bf1 Rae8 19.Rxe7 Rxe7 20.Kf2 g5 21.Rd1 h6
22.Bd3 Bd7 23.Rh1 Re8 24.h4 Ke5 25.hxg5 hxg5 26.Rh7 Re7 27.Ke3 Kf6+ 28.Kf2 a5
29.g3 Re8 30.Rh6+ Ke7 31.b3 a4 32.b4 a3 33.Ke3 Kf8+ 34.Kd2 Kg7 35.Rh7+ Kf6
36.Rh6+ Kg7 37.Rh7+ Kg8 38.Rh5 Re5 39.Be4 Be8 40.g4 Kf8 41.Rh1 Bd7 42.Re1 b6
43.Re3 Ke7 44.Kd3 Kd8 45.Kd4 f5 46.gxf5 Bxf5 47.Rxa3 g4 48.Bxf5 Rxf5 49.Ke4 Re5+
50.Kf4 gxf3 51.Kxf3 b5  1/2-1/2

[Event "VII Open"]
[Site "Figueira da Foz POR"]
[Date "2010.11.02"]
[Round "4.24"]
[White "Pais,B"]
[Black "Andias,J"]
[Result "1-0"]
[WhiteElo "1697"]
[BlackElo "1909"]

1.d4 Nf6 2.c4 g6 3.Nc3 Bg7 4.e4 d6 5.Nf3 O-O 6.Be2 e5 7.O-O Nc6 8.d5 Ne7
9.b4 Ne8 10.Ne1 f5 11.f3 f4 12.Bd2 g5 13.c5 Rf6 14.Nd3 Rh6 15.Rc1 a6 16.a4 Nf6
17.a5 Qe8 18.Nf2 Bd7 19.Qb3 Kh8 20.cxd6 cxd6 21.b5 Rg6 22.Na4 Nc8 23.Rc7 axb5
24.Nb6 Nxb6 25.axb6 g4 26.fxg4 Nxg4 27.Rxb7 Nxf2 28.Rxf2 Rb8 29.Rc7 Rxb6
30.Bh5 Bg4 31.Bxg6 hxg6 32.Qa3 Qb8 33.Ra7 Kh7 34.Bb4 Qc8 35.Rf1 Qc4 36.Qc3 Qxc3
37.Bxc3 Be2 38.Re1 Bd3 39.Bb4 Kg8 40.Kf2 g5 41.h3 Bf8 42.Kf3 Rb8 43.Rd1 Bc2
44.Rd2 Rc8 45.Rb7 Ba4 46.Rb6 Rc1 47.Kg4 Rc4 48.Bxd6 Bxd6 49.Rxd6 Rxe4 50.Kxg5 b4
51.Kg6 Kf8 52.Kf6 Kg8 53.Rb6 b3 54.d6 Rd4 55.Rxd4 exd4 56.Rxb3 Bd7 57.Rd3 Kf8
58.Rxd4 f3 59.Rh4 Kg8 60.gxf3 Bc8 61.Ke7 Kg7 62.d7  1-0

[Event "Chigorin Mem Classic Open"]
[Site "St Petersburg RUS"]
[Date "2010.11.02"]
[Round "6"]
[White "Pavlov,Aleks"]
[Black "Gorovykh,E"]
[Result "0-1"]
[WhiteElo "2269"]
[BlackElo "2447"]

1.d4 Nf6 2.c4 g6 3.Nc3 Bg7 4.e4 d6 5.Nf3 O-O 6.Be2 e5 7.O-O Nc6 8.d5 Ne7
9.Ne1 Nd7 10.Nd3 f5 11.Bd2 Nf6 12.f3 f4 13.Rc1 g5 14.c5 Ng6 15.cxd6 cxd6
16.Nf2 Rf7 17.Nb5 Bf8 18.a4 h5 19.h3 Rg7 20.Rc3 Nh4 21.Qc2 g4 22.fxg4 hxg4
23.Rc7 Rg6 24.Ba5 b6 25.Nxa7 gxh3 26.Bxb6 Rxg2+ 27.Kh1 Nh5 28.Bxh5 Qg5 29.Bf7+ Kh8
30.Nd1 Qg3  0-1